000 00293nam a22001217a 4500
020 _a0-03-077150-1
082 _a658.403 CHO'P
100 _aCHOU, YA-LUN
_976323
245 _aPROBABILITY AND STATISTICAL FOR DECISION MAKING
260 _aNEWYORK
_bHOLT
_c1972
300 _a623P
942 _cBK
999 _c581717
_d581717